| 000 | 00554nam a2200193Ia 4500 | ||
|---|---|---|---|
| 003 | LK-CoDNM | ||
| 008 | 010623t xxu||||| |||| 00| 1 sin d | ||
| 040 |
_aLK-CoDNM _dLK-CoDNM _eLK-CoDNM |
||
| 041 | _asin | ||
| 080 | _a297MAU | ||
| 100 |
_aUwais,Ai - Haj M.M. _etr. |
||
| 245 | _aඉස්ලාම් හි තේරුම | ||
| 246 | _aIslam hi Teruma | ||
| 260 |
_bNational Council of Young Men's Muslim Association of Sri Lanka _aColombo |
||
| 300 | _b25p, 18 cm | ||
| 650 | _aIslamic | ||
| 700 | _aMaududi, Maulana Seid Abul Al | ||
| 942 | _cBK | ||
| 999 |
_c137548 _d137548 |
||